[Event "USA-ch Seniors"]
[Site "Saint Louis"]
[Date "2023.07.21"]
[Round "6"]
[White "Benjamin, Joel"]
[Black "Wolff, Patrick G"]
[Result "1/2-1/2"]
[WhiteElo "2500"]
[BlackElo "2545"]
[PlyCount "183"]
[EventDate "2023.07.15"]
[EventType "tourn"]
[EventRounds "9"]
[EventCountry "USA"]
[EventCategory "10"]
[SourceTitle "CBM 215 Extra"]
[Source "ChessBase"]
[SourceDate "2023.09.30"]
[SourceVersion "1"]
[SourceVersionDate "2023.09.30"]
[SourceQuality "1"]

1. Nf3 c5 2. c4 Nc6 3. d4 cxd4 4. Nxd4 Nf6 5. Nc3 e6 6. a3 Bc5 7. Nb3 Bb6 8. c5 Bc7 9. g3 0-0 10. Bg2 b6 11. 0-0 Be5 12. Be3 Ba6 13. Rc1 Rb8 14. h3 Bc4 15. Nd2 Bd5 16. Nf3 Bxc3 17. bxc3 bxc5 18. Bxc5 d6 19. Be3 Bb3 20. Qd3 d5 21. Bc5 Bc4 22. Qe3 Re8 23. Nd2 Ba6 24. c4 Qc7 25. Rfe1 Red8 26. cxd5 Nxd5 27. Qe4 Qa5 28. Nf3 h6 29. Nd4 Nxd4 30. Bxd4 Ne7 31. Bc3 Qf5 32. Qa4 Qb5 33. Qg4 Qg5 34. Qxg5 hxg5 35. Ba5 Rd7 36. Bf3 Rc8 37. Rxc8+ Bxc8 38. Rb1 Ba6 39. Rb8+ Kh7 40. Rd8 Rxd8 41. Bxd8 Nf5 42. e3 f6 43. Be4 Kg8 44. Bc7 Bc4 45. Ba5 Kf7 46. Bb4 Ne7 47. Bc2 a6 48. f3 e5 49. Kf2 Ke6 50. Bh7 Kf7 51. Be4 Nd5 52. Ba5 Ke6 53. Bc2 Ne7 54. Ke1 Nf5 55. Kf2 Ne7 56. Ba4 Nf5 57. Bb4 Nd6 58. e4 Nb5 59. Ke3 g6 60. Bd1 Nd4 61. f4 gxf4+ 62. gxf4 g5 63. f5+ Kd7 64. Bc5 Nb5 65. Bc2 Nd6 66. Bd3 Bxd3 67. Kxd3 Kc6 68. Bb4 Kd7 69. Be1 Nb5 70. Bb4 Nd6 71. Ke3 Nb7 72. Kf3 Ke8 73. Kg4 Kf7 74. h4 gxh4 75. Kxh4 a5 76. Be1 Nc5 77. Bxa5 Nxe4 78. Bb4 Ke8 79. Kh5 Kd7 80. Kg6 Kc6 81. a4 Kb7 82. Kf7 Ng3 83. Kxf6 Nxf5 84. Kxf5 e4 85. Kxe4 Ka8 86. Kd5 Ka7 87. Kc6 Ka8 88. Kb6 Kb8 89. a5 Ka8 90. a6 Kb8 91. a7+ Ka8 92. Bc5 1/2-1/2

[Event "Foxwoods op 15th"]
[Site "Ledyard"]
[Date "2023.04.07"]
[Round "4"]
[White "Benjamin, Joel"]
[Black "Manon Og, Ramon Jr"]
[Result "1-0"]
[WhiteElo "2498"]
[BlackElo "1999"]
[PlyCount "68"]
[EventDate "2023.04.05"]
[EventType "swiss"]
[EventRounds "9"]
[EventCountry "USA"]
[SourceTitle "CBM 213 Extra"]
[Source "ChessBase"]
[SourceDate "2023.05.31"]
[SourceVersion "1"]
[SourceVersionDate "2023.05.31"]
[SourceQuality "1"]

1. Nf3 Nf6 2. c4 g6 3. Nc3 d5 4. cxd5 Nxd5 5. Qa4+ Nc6 6. Ne5 Nxc3 7. dxc3 Bd7 8. Nxd7 Qxd7 9. Bf4 e5 10. Bg5 Bg7 11. e4 0-0 12. Be2 h6 13. Rd1 Qe6 14. Be3 a6 15. Qc4 Qxc4 16. Bxc4 Na5 17. Bd3 b5 18. Ke2 Rfd8 19. Bc2 Nc4 20. Bc1 Kf8 21. b3 Nb6 22. Be3 Ke8 23. Rxd8+ Rxd8 24. Ra1 Bf8 25. a4 bxa4 26. b4 Kd7 27. Bxa4+ Nxa4 28. Rxa4 Ra8 29. Ra5 Bd6 30. b5 h5 31. bxa6 Kc6 32. Kd3 f6 33. Kc4 Kd7 34. a7 Kc6 1-0

[Event "USA-ch Seniors"]
[Site "Saint Louis"]
[Date "2022.07.11"]
[Round "5"]
[White "Benjamin, Joel"]
[Black "Christiansen, Larry Mark"]
[Result "1/2-1/2"]
[WhiteElo "2496"]
[BlackElo "2577"]
[PlyCount "71"]
[EventDate "2022.07.07"]
[EventType "tourn"]
[EventRounds "9"]
[EventCountry "USA"]
[EventCategory "11"]
[SourceTitle "CBM 209 Extra"]
[Source "ChessBase"]
[SourceDate "2022.09.30"]
[SourceVersion "1"]
[SourceVersionDate "2022.09.30"]
[SourceQuality "1"]

1. d4 Nf6 2. c4 e6 3. Nf3 d5 4. Nc3 Nbd7 5. Bg5 Be7 6. e3 0-0 7. Qc2 c5 8. Rd1 Qa5 9. cxd5 Nxd5 10. Bxe7 Nxe7 11. Bd3 h6 12. 0-0 cxd4 13. Nxd4 Nf6 14. Ne4 Ned5 15. a3 Bd7 16. Qc5 Qxc5 17. Nxc5 Rac8 18. Nxd7 Nxd7 19. Nb5 a6 20. Nd6 Rc6 21. Nxb7 Rb6 22. Na5 Rxb2 23. Rc1 Ne5 24. Bxa6 Ra8 25. Nc4 Nxc4 26. Bxc4 Rxa3 27. Bxd5 exd5 28. Rcd1 Ra5 29. h4 h5 30. Rd4 g6 31. Rfd1 Raa2 32. Rf4 Rd2 33. Rxd2 Rxd2 34. Kh2 Kg7 35. Kg3 Rc2 36. Rd4 1/2-1/2

[Event "USA-ch Seniors"]
[Site "Saint Louis"]
[Date "2022.07.10"]
[Round "4"]
[White "Khmelnitsky, Igor N"]
[Black "Benjamin, Joel"]
[Result "1-0"]
[WhiteElo "2472"]
[BlackElo "2496"]
[PlyCount "135"]
[EventDate "2022.07.07"]
[EventType "tourn"]
[EventRounds "9"]
[EventCountry "USA"]
[EventCategory "11"]
[SourceTitle "CBM 209 Extra"]
[Source "ChessBase"]
[SourceDate "2022.09.30"]
[SourceVersion "1"]
[SourceVersionDate "2022.09.30"]
[SourceQuality "1"]

1. d4 Nf6 2. Bf4 d6 3. Nc3 c6 4. e4 Qa5 5. Qe2 e5 6. dxe5 dxe5 7. Bd2 Na6 8. a3 Be6 9. Nf3 0-0-0 10. Nd5 Qa4 11. Nxf6 gxf6 12. b3 Qb5 13. Qxb5 cxb5 14. Be3 Bc5 15. Bxb5 Bxe3 16. fxe3 Nc5 17. Nd2 Rhg8 18. g3 h5 19. b4 Nd7 20. Bd3 h4 21. Kf2 Nb6 22. a4 hxg3+ 23. hxg3 Kd7 24. a5 Nc8 25. Rh6 Ke7 26. Rf1 Rh8 27. Rfh1 Rxh6 28. Rxh6 Nd6 29. Rh1 Rc8 30. Ke1 Ba2 31. Kd1 Be6 32. Kc1 Rg8 33. Rg1 Rh8 34. Kb2 Rh2 35. Kc3 Bd7 36. a6 b6 37. Nc4 Nb5+ 38. Kb2 Nc7 39. Na3 Bc8 40. b5 Ne6 41. Kc3 Nc5 42. g4 Rh8 43. g5 fxg5 44. Rxg5 Kf6 45. Rg2 Bd7 46. Rg1 Rc8 47. Kb4 Be6 48. Nc4 Bxc4 49. Rf1+ Kg7 50. Bxc4 Rc7 51. Bd5 Rd7 52. Ra1 Rc7 53. Ra3 Kf8 54. Bc6 Ke7 55. Ra1 Kd6 56. Bd5 Ke7 57. Rh1 f6 58. Rh8 Rd7 59. Rc8 Rd8 60. Rc7+ Rd7 61. Rxc5 bxc5+ 62. Kxc5 Rd6 63. c4 Kd7 64. Kb4 Kc7 65. c5 Rd8 66. b6+ Kb8 67. c6 axb6 68. c7+ 1-0

[Event "USA-ch Seniors"]
[Site "Saint Louis"]
[Date "2021.07.23"]
[Round "7"]
[White "Benjamin, Joel"]
[Black "Sokolin, Leonid M"]
[Result "1-0"]
[WhiteElo "2506"]
[BlackElo "2497"]
[PlyCount "67"]
[EventDate "2021.07.16"]
[EventType "tourn"]
[EventRounds "9"]
[EventCountry "USA"]
[EventCategory "10"]
[SourceTitle "CBM 203 Extra"]
[Source "ChessBase"]
[SourceDate "2021.09.30"]
[SourceVersion "1"]
[SourceVersionDate "2021.09.30"]
[SourceQuality "1"]

1. e4 c5 2. Nf3 Nc6 3. Bb5 g6 4. c3 e5 5. d4 cxd4 6. cxd4 exd4 7. Nxd4 Bg7 8. Be3 Nge7 9. Nc3 0-0 10. Nde2 a6 11. Bxc6 dxc6 12. Bc5 Qc7 13. Qd6 Qxd6 14. Bxd6 Re8 15. 0-0-0 Be6 16. Nd4 Bg4 17. f3 Rad8 18. Nb3 Be6 19. Nc5 b5 20. Nxa6 Rxd6 21. Rxd6 Be5 22. Rdd1 Ra8 23. Nc5 b4 24. N3a4 Bxa2 25. Rd7 Bf6 26. Rhd1 Kg7 27. Rb7 Bc4 28. Rdd7 Bb5 29. b3 Kf8 30. f4 Bxa4 31. bxa4 Ng8 32. Rxf7+ Ke8 33. Ne6 Rxa4 34. Rf8# 1-0

[Event "USA-ch Seniors"]
[Site "Saint Louis"]
[Date "2021.07.19"]
[Round "4"]
[White "Kaidanov, Gregory S"]
[Black "Benjamin, Joel"]
[Result "1-0"]
[WhiteElo "2547"]
[BlackElo "2506"]
[PlyCount "59"]
[EventDate "2021.07.16"]
[EventType "tourn"]
[EventRounds "9"]
[EventCountry "USA"]
[EventCategory "10"]
[SourceTitle "CBM 203 Extra"]
[Source "ChessBase"]
[SourceDate "2021.09.30"]
[SourceVersion "1"]
[SourceVersionDate "2021.09.30"]
[SourceQuality "1"]

1. d4 Nf6 2. c4 g6 3. f3 Bg7 4. e4 d6 5. Nc3 0-0 6. Nge2 Nbd7 7. Be3 a6 8. Qd2 b5 9. g4 e5 10. d5 Nb6 11. Ng3 Bxg4 12. fxg4 Nxg4 13. cxb5 Nxe3 14. Qxe3 f5 15. exf5 gxf5 16. bxa6 Qh4 17. Qf2 Na4 18. Bb5 Nxc3 19. bxc3 Qg5 20. Rg1 Qh4 21. Ne2 Qh6 22. a7 Kh8 23. Bc6 Bf6 24. Bxa8 Bh4 25. Ng3 f4 26. Bc6 fxg3 27. Qxf8+ Qxf8 28. a8Q gxh2+ 29. Ke2 hxg1N+ 30. Rxg1 1-0

[Event "USA-ch Seniors"]
[Site "Saint Louis"]
[Date "2021.07.16"]
[Round "1"]
[White "Christiansen, Larry Mark"]
[Black "Benjamin, Joel"]
[Result "1-0"]
[WhiteElo "2567"]
[BlackElo "2506"]
[PlyCount "55"]
[EventDate "2021.07.16"]
[EventType "tourn"]
[EventRounds "9"]
[EventCountry "USA"]
[EventCategory "10"]
[SourceTitle "CBM 203 Extra"]
[Source "ChessBase"]
[SourceDate "2021.09.30"]
[SourceVersion "1"]
[SourceVersionDate "2021.09.30"]
[SourceQuality "1"]

1. d4 Nf6 2. c4 g6 3. Nc3 Bg7 4. e4 d6 5. f4 0-0 6. Nf3 c5 7. dxc5 Qa5 8. Bd3 Qxc5 9. Qe2 Bg4 10. Be3 Qa5 11. 0-0 Nc6 12. Rac1 Rfc8 13. Kh1 Nd7 14. Qf2 Nb4 15. Bb1 Bxf3 16. Qxf3 Rxc4 17. e5 Nc6 18. Rcd1 Re8 19. Qe2 Rxc3 20. bxc3 Qxc3 21. Bg1 Kf8 22. Rf3 Qa5 23. Rh3 Nc5 24. Rxh7 dxe5 25. f5 gxf5 26. Qh5 Kg8 27. Bxf5 e6 28. Qg5 1-0

[Event "Bunratty Online"]
[Site "Chess.com INT"]
[Date "2021.02.20"]
[Round "8"]
[White "Benjamin, Joel"]
[Black "Howell, David"]
[Result "0-1"]
[WhiteElo "2506"]
[BlackElo "2658"]
[PlyCount "134"]
[EventDate "2021.02.20"]
[EventType "swiss (blitz)"]
[EventRounds "9"]
[EventCountry "IRL"]
[SourceTitle "CBM 200 Extra"]
[Source "ChessBase"]
[SourceDate "2021.03.31"]
[SourceVersion "1"]
[SourceVersionDate "2021.03.31"]
[SourceQuality "1"]

1. e4 c6 2. d4 d5 3. e5 Bf5 4. h4 c5 5. g4 Bd7 6. dxc5 Nc6 7. Bf4 e6 8. Nd2 Bxc5 9. Nb3 Bb6 10. h5 f6 11. Nf3 fxe5 12. Nxe5 Qf6 13. Nxd7 Qxf4 14. Nxb6 axb6 15. Qe2 e5 16. Qe3 Qxe3+ 17. fxe3 Nf6 18. Be2 Ke7 19. Rf1 Nb4 20. 0-0-0 Rxa2 21. c3 Nc6 22. Kb1 Raa8 23. g5 Ne4 24. Rxd5 Nxg5 25. Rb5 Kd6 26. Nd2 Kc7 27. Nc4 Rhf8 28. Rg1 h6 29. Nxb6 Ra5 30. Nd5+ Kb8 31. Rxa5 Nxa5 32. Rf1 Rxf1+ 33. Bxf1 Kc8 34. Kc2 Kd7 35. Kd3 Kd6 36. Bg2 Nb3 37. Nb6 Kc7 38. Nc4 e4+ 39. Ke2 Nc1+ 40. Kd2 Nb3+ 41. Kc2 Nc5 42. b4 Nd7 43. Nd2 Nf6 44. c4 b6 45. Kc3 Kd6 46. Kd4 Ne6+ 47. Kc3 Ke5 48. b5 Nc5 49. Bf1 Nxh5 50. Bg2 Nf6 51. Nf1 g5 52. Ng3 h5 53. Ne2 h4 54. Nd4 g4 55. Nc6+ Kf5 56. Ne7+ Kg5 57. Kd4 h3 58. Bf1 Nh5 59. Nd5 Ng3 60. Nxb6 Nxf1 61. Kxc5 h2 62. Nd5 h1Q 63. b6 Qh8 64. b7 g3 65. Nf4 Nxe3 66. Ne6+ Kf6 67. Nc7 g2 0-1

[Event "Bunratty Online"]
[Site "Chess.com INT"]
[Date "2021.02.20"]
[Round "3"]
[White "Benjamin, Joel"]
[Black "O'Cuilleanain, Oisin"]
[Result "1-0"]
[WhiteElo "2506"]
[BlackElo "1669"]
[PlyCount "113"]
[EventDate "2021.02.20"]
[EventType "swiss (blitz)"]
[EventRounds "9"]
[EventCountry "IRL"]
[SourceTitle "CBM 200 Extra"]
[Source "ChessBase"]
[SourceDate "2021.03.31"]
[SourceVersion "1"]
[SourceVersionDate "2021.03.31"]
[SourceQuality "1"]

1. d4 e6 2. c4 f5 3. Nf3 Nf6 4. g3 Be7 5. Bg2 0-0 6. 0-0 d6 7. Nc3 Ne4 8. Qc2 Nxc3 9. Qxc3 a5 10. b3 Nc6 11. Bb2 Bf6 12. Qd2 e5 13. dxe5 dxe5 14. Qd5+ Kh8 15. Rad1 Qe7 16. Qb5 e4 17. Nd4 Nxd4 18. Bxd4 c6 19. Qc5 Be6 20. Qxe7 Bxe7 21. Bb6 Bd8 22. Bc5 Re8 23. Rd2 Bg5 24. e3 Rad8 25. Bd6 Rd7 26. Rfd1 Red8 27. c5 Be7 28. Kf1 b6 29. Ke1 Bf6 30. Ke2 Bc3 31. Rc2 bxc5 32. Rxc3 Rxd6 33. Rxd6 Rxd6 34. Rxc5 a4 35. bxa4 Bxa2 36. Rxf5 g6 37. Re5 Bc4+ 38. Ke1 Bb3 39. a5 Rd5 40. Rxd5 Bxd5 41. a6 c5 42. a7 Kg7 43. Ke2 Bc4+ 44. Kd2 Bd5 45. Bf1 Kf6 46. Kc3 Ke5 47. Bc4 Bc6 48. Bb5 Bd5 49. Bd7 g5 50. Bb5 h6 51. Bc4 Bc6 52. Kb3 Kf5 53. Bb5 Bd5+ 54. Ka4 Kg4 55. Bd7+ Kf3 56. Kb5 Kxf2 57. Bc6 1-0

[Event "Bunratty Online"]
[Site "Chess.com INT"]
[Date "2021.02.20"]
[Round "6"]
[White "Rendle, Thomas E"]
[Black "Benjamin, Joel"]
[Result "0-1"]
[WhiteElo "2365"]
[BlackElo "2506"]
[PlyCount "80"]
[EventDate "2021.02.20"]
[EventType "swiss (blitz)"]
[EventRounds "9"]
[EventCountry "IRL"]
[SourceTitle "CBM 200 Extra"]
[Source "ChessBase"]
[SourceDate "2021.03.31"]
[SourceVersion "1"]
[SourceVersionDate "2021.03.31"]
[SourceQuality "1"]

1. e4 e5 2. Nf3 Nc6 3. Bc4 d6 4. d4 exd4 5. c3 Nf6 6. Qb3 Qd7 7. Bd5 Nxd5 8. exd5 Ne5 9. Nxd4 Nd3+ 10. Kd2 Nc5 11. Re1+ Be7 12. Qb5 Qxb5 13. Nxb5 Kd8 14. Nd4 Bf6 15. b4 Na4 16. Na3 Nb6 17. Kc2 Nxd5 18. Be3 Re8 19. Nc4 Bd7 20. a4 a6 21. b5 Nxe3+ 22. fxe3 Bxd4 23. exd4 Rxe1 24. Rxe1 axb5 25. axb5 Bxb5 26. Ne3 Ra2+ 27. Kb3 Re2 28. Rxe2 Bxe2 29. c4 Bd3 30. Kc3 Be4 31. g3 c5 32. Ng4 f6 33. Nf2 Bf5 34. Nd1 b6 35. Ne3 Be6 36. Ng2 Ke7 37. Nf4 g5 38. Ne2 f5 39. Kd3 Kf6 40. Ke3 Bxc4 0-1

[Event "Rilton Winners Cup"]
[Site "Chess.com INT"]
[Date "2020.12.29"]
[Round "2.5"]
[White "Benjamin, Joel"]
[Black "Nabaty, Tamir"]
[Result "0-1"]
[WhiteElo "2506"]
[BlackElo "2638"]
[PlyCount "80"]
[EventDate "2020.12.27"]
[EventType "k.o. (rapid)"]
[EventRounds "4"]
[EventCountry "SWE"]
[SourceTitle "CBM 200 Extra"]
[Source "ChessBase"]
[SourceDate "2021.03.31"]
[SourceVersion "1"]
[SourceVersionDate "2021.03.31"]
[SourceQuality "1"]

1. d4 d5 2. c4 e6 3. Nc3 Nf6 4. Bg5 dxc4 5. e3 a6 6. Bxc4 c5 7. Nf3 b5 8. Bd3 Bb7 9. 0-0 Nbd7 10. Qe2 cxd4 11. exd4 Be7 12. Rad1 0-0 13. Ne5 Nb6 14. a3 Nbd5 15. Rfe1 Nxc3 16. bxc3 Rc8 17. Qc2 g6 18. Bh6 Bxa3 19. Re3 Nd5 20. Rg3 Qc7 21. Bxg6 fxg6 22. Nxg6 Qxg3 23. hxg3 Rf6 24. Ra1 Rxg6 25. Rxa3 Rxh6 26. Qe4 Rg6 27. Ra1 Rc7 28. Re1 Nxc3 29. Qe5 Nd5 30. Qd6 Kf7 31. f3 b4 32. Re5 Re7 33. Rh5 h6 34. Rh4 a5 35. Kh2 a4 36. Qe5 b3 37. Qh8 Nf6 38. Rf4 b2 39. Qh7+ Rg7 40. Qc2 a3 0-1

[Event "Rilton Winners Cup"]
[Site "Chess.com INT"]
[Date "2020.12.29"]
[Round "2.3"]
[White "Nabaty, Tamir"]
[Black "Benjamin, Joel"]
[Result "1-0"]
[WhiteElo "2638"]
[BlackElo "2506"]
[PlyCount "79"]
[EventDate "2020.12.27"]
[EventType "k.o. (rapid)"]
[EventRounds "4"]
[EventCountry "SWE"]
[SourceTitle "CBM 200 Extra"]
[Source "ChessBase"]
[SourceDate "2021.03.31"]
[SourceVersion "1"]
[SourceVersionDate "2021.03.31"]
[SourceQuality "1"]

1. d4 Nf6 2. Nf3 e6 3. Bf4 b6 4. e3 Bb7 5. Nbd2 Be7 6. h3 c5 7. c3 Nc6 8. Bd3 0-0 9. 0-0 cxd4 10. exd4 a6 11. a4 d6 12. Qe2 Re8 13. Rfe1 Bf8 14. Nc4 b5 15. axb5 axb5 16. Rxa8 Bxa8 17. Ncd2 b4 18. c4 g6 19. Bg5 Bg7 20. Ne4 h6 21. Nxf6+ Bxf6 22. Bxf6 Qxf6 23. d5 Nd4 24. Nxd4 Qxd4 25. Qd2 Kg7 26. Re4 Qf6 27. Qxb4 Qd8 28. Qc3+ e5 29. Re1 Qg5 30. b4 Bb7 31. Qc1 Qh4 32. Qe3 f5 33. Qb6 Qe7 34. Ra1 e4 35. Be2 Rd8 36. Ra7 Rd7 37. c5 Bxd5 38. cxd6 Qf7 39. Rxd7 Qxd7 40. Qd4+ 1-0

[Event "WchT Seniors 50"]
[Site "Prague"]
[Date "2020.03.09"]
[Round "4.1"]
[White "Benjamin, Joel"]
[Black "Hebden, Mark"]
[Result "1/2-1/2"]
[WhiteElo "2508"]
[BlackElo "2444"]
[PlyCount "68"]
[EventDate "2020.03.06"]
[EventType "team-swiss"]
[EventRounds "7"]
[EventCountry "CZE"]
[SourceTitle "CBM 195 Extra"]
[Source "ChessBase"]
[SourceDate "2020.05.31"]
[SourceVersion "1"]
[SourceVersionDate "2020.05.31"]
[SourceQuality "1"]
[WhiteTeam "United States 50"]
[BlackTeam "England 50"]
[WhiteTeamCountry "USA"]
[BlackTeamCountry "ENG"]

1. e4 e5 2. Nf3 Nc6 3. Bb5 a6 4. Ba4 Nf6 5. Nc3 b5 6. Bb3 Be7 7. a4 b4 8. Nd5 0-0 9. Nxf6+ Bxf6 10. Bd5 Bb7 11. 0-0 Rb8 12. c3 Na5 13. Bxb7 Rxb7 14. d4 d6 15. cxb4 Nc6 16. dxe5 dxe5 17. Bd2 Nxb4 18. Bc3 Qd6 19. Qe2 Qe6 20. Rfd1 Rfb8 21. Rd2 h6 22. h3 a5 23. Qe3 Qe7 24. Rad1 Nc6 25. Rd5 Qe6 26. R1d2 Nd4 27. Bxd4 exd4 28. Nxd4 Bxd4 29. R2xd4 Rxb2 30. Rxa5 Qa2 31. Rad5 c5 32. Rd2 Rxd2 33. Rxd2 Qxa4 34. Qxc5 Qxe4 1/2-1/2

[Event "WchT Seniors 50"]
[Site "Prague"]
[Date "2020.03.07"]
[Round "2.1"]
[White "Fatalibekova, Elena"]
[Black "Benjamin, Joel"]
[Result "0-1"]
[WhiteElo "2158"]
[BlackElo "2508"]
[PlyCount "66"]
[EventDate "2020.03.06"]
[EventType "team-swiss"]
[EventRounds "7"]
[EventCountry "CZE"]
[SourceTitle "CBM 195 Extra"]
[Source "ChessBase"]
[SourceDate "2020.05.31"]
[SourceVersion "1"]
[SourceVersionDate "2020.05.31"]
[SourceQuality "1"]
[WhiteTeam "Russia 50 (W)"]
[BlackTeam "United States 50"]
[WhiteTeamCountry "RUS"]
[BlackTeamCountry "USA"]

1. e4 e5 2. Nf3 d6 3. d4 exd4 4. Nxd4 Nf6 5. Nc3 Be7 6. g3 0-0 7. Bg2 Re8 8. 0-0 Bf8 9. h3 Nc6 10. g4 h6 11. Nde2 Rb8 12. f4 Na5 13. Qd3 b5 14. b4 Nc4 15. Nxb5 Rxb5 16. Qxc4 Rb6 17. b5 d5 18. exd5 Bxg4 19. Nd4 Bd7 20. Nc6 Bxc6 21. dxc6 a6 22. a4 axb5 23. axb5 Nh5 24. Bb2 Qh4 25. Be5 Rxe5 26. Ra7 Rc5 27. Qd3 Nxf4 28. Qf3 Bd6 29. Ra8+ Kh7 30. Qe4+ f5 31. Qe8 Re5 32. Qh8+ Kg6 33. Rg8 Nxh3+ 0-1

[Event "USA-ch Seniors 50"]
[Site "Saint Louis"]
[Date "2019.07.19"]
[Round "8"]
[White "Ehlvest, Jaan"]
[Black "Benjamin, Joel"]
[Result "1/2-1/2"]
[WhiteElo "2515"]
[BlackElo "2524"]
[PlyCount "60"]
[EventDate "2019.07.11"]
[EventType "tourn"]
[EventRounds "9"]
[EventCountry "USA"]
[EventCategory "11"]
[SourceTitle "CBM 191 Extra"]
[Source "ChessBase"]
[SourceDate "2019.09.30"]
[SourceVersion "1"]
[SourceVersionDate "2019.09.30"]
[SourceQuality "1"]

1. e4 e5 2. Nf3 Nc6 3. Nc3 Nf6 4. g3 Bc5 5. Nxe5 Nxe5 6. f4 Nfg4 7. fxe5 Bf2+ 8. Ke2 Bd4 9. Nb5 Nf2 10. Qe1 Bb6 11. d4 Nxh1 12. Be3 a6 13. Nc3 d6 14. exd6 Qxd6 15. Nd5 Bg4+ 16. Kd2 c6 17. Nxb6 Qb4+ 18. Kd3 Qxb6 19. b3 f5 20. e5 Bf3 21. Kd2 0-0-0 22. c3 c5 23. Kc2 cxd4 24. cxd4 Kb8 25. Kb2 Be4 26. d5 Qc7 27. d6 Qd7 28. Qb4 Rc8 29. Qb6 Rc2+ 30. Ka3 Kc8 1/2-1/2

[Event "USA-ch Seniors 50"]
[Site "Saint Louis"]
[Date "2019.07.14"]
[Round "4"]
[White "Benjamin, Joel"]
[Black "Shabalov, Alexander"]
[Result "1/2-1/2"]
[WhiteElo "2524"]
[BlackElo "2500"]
[PlyCount "109"]
[EventDate "2019.07.11"]
[EventType "tourn"]
[EventRounds "9"]
[EventCountry "USA"]
[EventCategory "11"]
[SourceTitle "CBM 191 Extra"]
[Source "ChessBase"]
[SourceDate "2019.09.30"]
[SourceVersion "1"]
[SourceVersionDate "2019.09.30"]
[SourceQuality "1"]

1. e4 e5 2. Nf3 Nc6 3. Bb5 a6 4. Ba4 Nf6 5. 0-0 Bc5 6. c3 0-0 7. d4 Ba7 8. Bg5 h6 9. Bh4 exd4 10. e5 g5 11. Bxc6 gxh4 12. Ba4 Ne4 13. cxd4 d5 14. Nc3 h3 15. g3 Be6 16. Bc2 f5 17. Ne2 f4 18. Nxf4 Rxf4 19. gxf4 Qf8 20. Kh1 Qxf4 21. Rg1+ Kh8 22. Bxe4 Qxe4 23. Rg3 Rg8 24. Qd2 Rxg3 25. Qxh6+ Kg8 26. Qxe6+ Kh7 27. Qf7+ Rg7 28. Qh5+ Kg8 29. Qe8+ Kh7 30. Qh5+ Kg8 31. Qxh3 Bxd4 32. Qe6+ Kh7 33. Qh3+ Kg8 34. Re1 Qg4 35. Qxg4 Rxg4 36. Re2 Ba7 37. e6 Kf8 38. Ne5 Rg7 39. h4 Ke7 40. h5 Kxe6 41. Nc6+ Kd7 42. Nxa7 Rg5 43. f4 Rxh5+ 44. Kg2 Rh8 45. Kf3 Ra8 46. f5 Rxa7 47. f6 Ra8 48. Re7+ Kd6 49. Kf4 Rh8 50. Re2 d4 51. Kf5 d3 52. Re6+ Kc5 53. Re5+ Kd4 54. Re4+ Kd5 55. Re5+ 1/2-1/2